Представление документа в формате RUSMARC

ПолеНазваниеЗначение
  Тип записи a
  Библиографический уровень m
001 Контрольный номер admiBOOK00017903
005 Дата корректировки 20140508173821.0
010 Индекс ISBN __
a ISBN 5-8199-0303-2; 5-16-002890-3
d Цена 250.00
100 Данные общей обработки __
a Данные общей обработки 19020211 |||y0 y0189 ca
101 Язык документа __
a Язык текста rus
105 Кодированные данные (монография) __
a Кодированные данные (монография) zy
200 Заглавие и сведения об ответственности 0_
a Заглавие Экономика отрасли (автомобильный транспорт)
e Сведения, относящиеся к заглавию Учебник
205 Сведения об издании __
b Дополнительные сведения об издании Гриф МО РФ
210 Выходные данные __
a Место издания М
c Издательство ИД ФОРУМ; ИНФРА-М
d Дата издания 2008
215 Физическое описание __
a Объем 288с.
225 Серия __
a Серия Профессиональное образование
606 Тематические рубрики __
a Основная рубрика Специальные и отраслевые экономики
x Основная подрубрика Автомобильный транспорт
x Основная подрубрика Экономика автомобильного транспорта
610 Ключевые слова __
a Ключевые слова Экономика отрасли
a Ключевые слова Автомобильный транспорт
a Ключевые слова Экономика автомобильного транспорта
a Ключевые слова Предприятия автомобильного транспорта
675 Индекс УДК __
a Индекс УДК 658(075.32)
686 Индексы других классификаций __
a Классификационный индекс 65.2/4
a Классификационный индекс 65.29я723
700 Автор __
a Фамилия Туревский
b Имя И.С.
852 Данные о местонахождении __
c Местонахождение стеллажа 65.2/4
c Местонахождение стеллажа 65.432
j Шифр хранения 65.2/4
852 Данные о местонахождении __
b Сигла хранения ЧЗ_1
t Номер экземпляра 1
i Авторский знак Т86
p Инвентарный номер 144140
901 Тип документа __
t Тип документа m
911 __
u 952a=Учебная
u 952p=1925
938 Служебная информация __
a Название организации Саранский филиал
b Имя БД OUTPUT.MRC_Саранск
c Название АИБС АИБС Библиотека